000 01072nam a2200313 i 4500
005 20260322212054.0
008 data
010 _a 76055418
020 _a0440009804
020 _a9780440009801
040 _aDLC
_cDLC
_dCtY-M
_d*OCL*
_dNmU-M
_dCtY-M
050 0 _aBF204
_b.R63
090 _aBF 204 R631o 1977
100 1 _aRogers, Carl R.
_d1902-
_q(Carl Ransom),
245 1 0 _aCarl Rogers on personal power /
_cCarl R. Rogers.
260 0 _aNew York :
_bDelacorte Press,
_cc1977.
300 _axiii, 299 p. ;
_c24 cm.
504 _aIncludes bibliographical references.
590 _aIncludes bibliographical references.
650 0 _aHumanistic psychology.
650 0 _aControl (Psychology)
650 0 _aClient-centered psychotherapy.
650 2 _aHuman Development.
650 2 _aNondirective Therapy.
650 2 _aPsychology.
650 2 _aPsychotherapy.
856 4 0 _uhttps://openlibrary.org/works/OL2354095W/Carl_Rogers_on_Personal_Power?edition=carlrogersonpers00rog_bjo
_yOnline access from the Open Library.
_zRequires free sign up.
001 data
999 _c1298
_d1298